Regional variations in yield from rubber smallholdings: A preliminary analysis of the reasons (Record no. 53072)

MARC details
000 -LEADER
fixed length control field 00432nam a2200109Ia 4500
100 ## - MAIN ENTRY--AUTHOR NAME
Personal name Mohanan K.G.
245 #0 - TITLE STATEMENT
Title Regional variations in yield from rubber smallholdings: A preliminary analysis of the reasons
260 ## - PUBLICATION, DISTRIBUTION, ETC. (IMPRINT)
Name of publisher In: Towards Inclusive Rubber Development (Ed. C. Kuruvilla Jacob). The Rubber Board, Kottayam, India, pp. 81-90.
Year of publication 2009
700 ## - ADDED ENTRY--PERSONAL NAME
Personal name Nair Ramesh B.
942 ## - ADDED ENTRY ELEMENTS (KOHA)
Koha item type Bibliography STAF
Holdings
Withdrawn status Lost status Damaged status Not for loan Home library Current library Date acquired Koha item type
      Bibliography RRII Library RRII Library 09/04/2014 Bibliography STAF